000
00246nam a2200097Ia 4500
001
1000991
005
20250826230402.0
008
250824s9999 xx 000 0 und d
245
0
_a
KENDİNİ ARAMAK
_c
İHSAN FAZLIOĞLU
260
_b
KETEBE YAYINLARI
999
_c
1000991
_d
1000991